American Dad Movie Parodies Quiz Stats

 Plays Quiz not verified by Sporcle

Score 0/20 Timer 06:00
1 Play Today
% Correct
King Kong
98.2%
Grease
89.9%
Star Wars: Episode V - The Empire Strikes Back
86%
The Lion King
82%
The Lord of the Rings: The Return of the King
74.3%
Superman
74.2%
Back to the Future
66.8%
Sleeping Beauty
65.5%
Footloose
63.1%
Raiders of the Lost Ark
52.1%
% Correct
Fargo
45.4%
Beauty and the Beast
44.9%
There's Something About Mary
43.2%
Minority Report
35.3%
Ocean's Eleven
31.5%
The Silence of the Lambs
26.5%
Terminator 2: Judgment Day
23.4%
Pulp Fiction
22.5%
Sunset Boulevard
10.8%
Butch Cassidy and the Sundance Kid
10.7%

You're not logged in!

Compare scores with friends on all Sporcle quizzes.
OR
Log In

Sporcle TV

Today on Sporcle TV


Watch our educational content, quiz creation guides, and fun videos on Sporcle TV.

Show Comments

Extras

Top Quizzes Today


Score Distribution

Your Account Isn't Verified!

In order to create a playlist on Sporcle, you need to verify the email address you used during registration. Go to your Sporcle Settings to finish the process.

Report this User

Report this user for behavior that violates our Community Guidelines.

Details: